Explotación sexual con fines comerciales. Ley contra la explotación sexual comercial de las personas menores de edad en Costa Rica /
Պահպանված է:
| Համատեղ հեղինակներ: | , |
|---|---|
| Ձևաչափ: | Տեքստ |
| Հրապարակվել է: |
San José:
DH
|
| Խորագրեր: | |
| Ցուցիչներ: |
Ավելացրեք ցուցիչ
Չկան պիտակներ, Եղեք առաջինը, ով նշում է այս գրառումը!
|
MARC
| LEADER | 00000 a a2200000 04500 | ||
|---|---|---|---|
| 001 | 26781 | ||
| 003 | |||
| 040 | |||
| 090 | |a 149700 | ||
| 110 | |a Costa Rica. Ministerio de Trabajo y Seguridad Social | ||
| 245 | |a Explotación sexual con fines comerciales. Ley contra la explotación sexual comercial de las personas menores de edad en Costa Rica / |c Costa Rica. Ministerio de Trabajo y Seguridad Social | ||
| 260 | |a San José: |b DH | ||
| 300 | |a 15 p.; Folleto n. 3 | ||
| 650 | |a ABUSO SEXUAL | ||
| 650 | |a ABUSO DE MENORES | ||
| 650 | |a PROSTITUCION | ||
| 650 | |a DERECHOS DEL NIÑO | ||
| 650 | |a ADOLESCENTES | ||
| 650 | |a JUVENTUD | ||
| 710 | |a Costa Rica. Defensoría de los Habitantes |a PANI |a Defensa de los Niños Internacional |a Comite Directivo Nacional para la Eliminación Progresiva del Trabajo Infantil y la Protección de la Persona Adolescen | ||
| 999 | |c 15167 |d 15167 | ||
